Initial notice protocol (Record no. 110673)
[ view plain ]
| 000 -LEADER | |
|---|---|
| fixed length control field | 01055cad a22002055a 4500 |
| 001 - CONTROL NUMBER | |
| control field | E149897 |
| 008 - FIXED-LENGTH DATA ELEMENTS--GENERAL INFORMATION | |
| fixed length control field | 100512s2010 xxk f 000 0 eng d |
| 035 ## - SYSTEM CONTROL NUMBER | |
| System control number | (Sirsi) u149897 |
| 041 0# - LANGUAGE CODE | |
| Language code of text/sound track or separate title | eng |
| 110 2# - MAIN ENTRY--CORPORATE NAME | |
| Corporate name or jurisdiction name as entry element | Building Control Alliance |
| 9 (RLIN) | 5309 |
| 245 00 - TITLE STATEMENT | |
| Title | Initial notice protocol |
| Medium | [electronic resource] |
| 260 ## - PUBLICATION, DISTRIBUTION, ETC. | |
| Place of publication, distribution, etc. | [S.l.] |
| Name of publisher, distributor, etc. | BCA |
| Date of publication, distribution, etc. | 2010 |
| 520 ## - SUMMARY, ETC. | |
| Summary, etc. | An Initial Notice Protocol document which should be read in addition to the requirements of The Building Act 1984 and The Building (Approved Inspectors etc.) Regulations 2000. The content is best practice and Local Authority Building Control and The Association of Consultant Approved Inspectors are encouraging their members to adopt the protocol as essential policy. |
| 521 ## - TARGET AUDIENCE NOTE | |
| Target audience note | Advanced |
| 590 ## - LOCAL NOTE (RLIN) | |
| Local note | KA NTK |
| 651 #4 - SUBJECT ADDED ENTRY--GEOGRAPHIC NAME | |
| Geographic name | England and Wales |
| Chronological subdivision | 1543- |
| 690 ## - LOCAL SUBJECT ADDED ENTRY--TOPICAL TERM (OCLC, RLIN) | |
| Topical term or geographic name as entry element | Building regulations |
| 9 (RLIN) | 6224 |
| 856 40 - ELECTRONIC LOCATION AND ACCESS | |
| Uniform Resource Identifier | <a href="https://www.ciob.org.uk/sites/ciob.org.uk/files/WEB-INF/files/documents/BCAINProtocolMarch2010.pdf">https://www.ciob.org.uk/sites/ciob.org.uk/files/WEB-INF/files/documents/BCAINProtocolMarch2010.pdf</a> |
| Public note | View the Protocol free of charge (PDF file) at www.approvedinspectors.org.uk |
| 942 ## - ADDED ENTRY ELEMENTS (KOHA) | |
| Suppress in OPAC | 0 |
| Withdrawn status | Lost status | Source of classification or shelving scheme | Damaged status | Not for loan | Home library | Current library | Shelving location | Date acquired | Total Checkouts | Full call number | Barcode | Date last seen | Copy number | Price effective from | Koha item type |
|---|---|---|---|---|---|---|---|---|---|---|---|---|---|---|---|
| Dewey Decimal Classification | Virtual | Virtual | Online | 12/05/2010 | ONLINE PUBLICATION | 149897-2001 | 06/08/2019 | 1 | 06/08/2019 | Book |